01075nam a2200289 a 4500001001200000003000800012006001900020007001500039008004100054020001800095020001800113020002700131040002100158035002100179050002300200100002300223245007200246260003800318300001100356504005100367533015200418650002600570655002900596710001700625856012600642999001700768ebr10728989CaPaEBRm o u cr cn|||||||||130809s2009 gw sb 001 0 eng d z9783868380484 z9783110319149 z9783110319491 (e-book) aCaPaEBRcCaPaEBR a(OCoLC)85708076314aBD161b.R47 2009eb1 aRescher, Nicholas.10aEpistemological studiesh[electronic resource] /cNicholas Rescher. aFrankfurt :bOntos Verlag,c2009. a112 p. aIncludes bibliographical references and index. aElectronic reproduction.bPalo Alto, Calif. :cebrary,d2013.nAvailable via World Wide Web.nAccess may be limited to ebrary affiliated libraries. 0aKnowledge, Theory of. 7aElectronic books.2local2 aebrary, Inc.40uhttp://site.ebrary.com/lib/rucke/Doc?id=10728989zAn electronic book accessible through the World Wide Web; click to view c36648d36648